Brown's signalling : how to learn the international code of visual and sound signals based on information contained in the 1969 international code of signals / (Record no. 10179)

000 -LEADER
fixed length control field 00529nam a2200145Ia 4500
008 - FIXED-LENGTH DATA ELEMENTS--GENERAL INFORMATION
fixed length control field 201231s9999 xx 000 0 und d
020 ## - INTERNATIONAL STANDARD BOOK NUMBER
International Standard Book Number 0851743501
100 ## - MAIN ENTRY--PERSONAL NAME
Personal name Milligan, J. E.
9 (RLIN) 4543
245 #0 - TITLE STATEMENT
Title Brown's signalling : how to learn the international code of visual and sound signals based on information contained in the 1969 international code of signals /
250 ## - EDITION STATEMENT
Edition statement 9th ed.
260 ## - PUBLICATION, DISTRIBUTION, ETC. (IMPRINT)
Place of publication, distribution, etc Glasgow
Name of publisher, distributor, etc Brown, Son & Ferguson
Date of publication, distribution, etc 1988
300 ## - PHYSICAL DESCRIPTION
Extent 202p.
650 #0 - SUBJECT ADDED ENTRY--TOPICAL TERM
Topical term or geographic name as entry element Signals
General subdivision Radar
942 ## - ADDED ENTRY ELEMENTS (KOHA)
Item type Books
Source of classification or shelving scheme
Holdings
Withdrawn status Lost status Damaged status Not for loan Permanent location Date acquired Full call number Barcode Date last seen Koha item type
        IMU Kolkata 2020-12-31 623.8884 B87717 PM05760 2020-12-31 Books
Designed and Maintained by IMU-KC Library, Kolkata Campus © Copyright All Rights Reserved

webs counters

Powered by Koha